| 000 | 00430nam a2200181Ia 4500 | ||
|---|---|---|---|
| 001 | 2021 | ||
| 005 | 20260306143811.0 | ||
| 008 | 260306t2024||||xx |||||||||||||| ||spa|| | ||
| 041 | _aESP | ||
| 082 |
_a611 _bD271 |
||
| 100 |
_aDrake, Richard L. _eAUT |
||
| 245 | 0 | _aGray. Anatomía para estudiantes | |
| 260 | _c2024 | ||
| 300 |
_axxiv, 1387 páginas : _c28 cm. |
||
| 650 | _aGEN | ||
| 654 | _aCCS | ||
| 942 |
_cLIB _dJUS _fJUS _2ddc _n |
||
| 999 |
_c2021 _d2021 |
||